Rodinný dom z hľadiska vybraných environmentálnych a energetických parametrov.

Enregistré dans:
Détails bibliographiques
Auteur principal: Drblíková, Aneta (Auteur)
Autres auteurs: Šabíková, Jana (Directeur de thèse)
Format: Manuscrit Livre
Langue:slovaque
Publié: 2017
Sujets:
Accès en ligne:http://is.stuba.sk/zp/portal_zp.pl?podrobnosti=125349
https://opac.crzp.sk/?fn=detailBiblioForm&sid=877A1C170D2F97A1DD3BAE2BFB25
Tags: Ajouter un tag
Pas de tags, Soyez le premier à ajouter un tag!

MARC

LEADER 00000ntm a22000003a 4500
001 stuzp62919
003 SK-STU
005 20230810092652.5
007 ta
008 150427s2015----xo-----f-mn---000-0-slo-d
040 |a STU  |b slo 
041 0 |a slo 
100 1 |a Drblíková, Aneta  |u 010290  |4 aut  |U SvF Stavebná fakulta  |T SvF Katedra technických zariadení budov  |X 55021  |U V290  |Y 31  |7 55021 
242 0 1 |a Family house in terms of selected environmental and energy parameters.  |y eng 
245 1 0 |a Rodinný dom z hľadiska vybraných environmentálnych a energetických parametrov. 
260 |c 2017 
650 4 |a nútené vetranie  |2 slo 
650 4 |a mikroklíma  |2 slo 
650 4 |a energetický audit  |2 slo 
650 4 |a energy audit  |2 eng 
650 4 |a controlled ventilation  |2 eng 
650 4 |a environmental parameters  |2 eng 
700 1 |a Šabíková, Jana  |u 010290  |k Z1  |4 ths  |U SvF Stavebná fakulta  |T SvF Katedra technických zariadení budov  |X 653  |U V290  |Y 31  |7 A000000653 
856 4 |u http://is.stuba.sk/zp/portal_zp.pl?podrobnosti=125349 
856 4 |u https://opac.crzp.sk/?fn=detailBiblioForm&sid=877A1C170D2F97A1DD3BAE2BFB25